000 01327nam a2200301 i 4500
001 185057
003 ES-MaACL
005 20260616174620.0
008 160314s1996 sp c |||| | spa d
020 _a84-921604-0-3
080 _a821.112.2 Jünger, Ernst 1.07
245 0 0 _aJunto a Jünger /
_cVicenzo Vitiello, Félix Duque, Jorge Alemán-Sergio Larriera, Andrés Sánchez Pascual ... [et al.] ; edita, Ignacio Castro.
260 _aMadrid :
_bCruce,
_c[1996]
300 _a185 p. :
_b1 retr. ;
_c21 cm.
505 8 _aContiene: ;
_tEscribir con los ojos: Jünger en los textos pictóricos nihilistas de Kubin /
_rJosé Luis Molinuevo. --
_tLa razón práctica en medio de la depotenciación técnica /
_rFranco Volpi
594 _aRecoge el ciclo de conferencias homónimo. Y 2 textos más.
600 1 4 _aJünger, Ernst,
_d1895-1998-
_xCrítica e interpretación
_967295
700 1 _aVitiello, Vincenzo (
_d1935-)
_9159059
700 1 _aDuque, Félix.
_946147
700 1 _aAlemán, Jorge.
_919712
700 1 _aLarriera, Sergio.
_970350
700 1 _aSánchez Pascual, Andrés.
_9102833
700 1 _aCastro, Ignacio,
_d1952-
_9234941
700 1 _aMolinuevo, José Luis.
_982022
700 1 _aVolpi, Franco.
_9115713
852 _aES-MaACL
_jL-30258
_z. - Donat. Miguel A. Velasco
999 _c185057
_d185057